|
|
|
|
| LEADER |
00000nam0a2200000 4500 |
| 001 |
141526 |
| 005 |
20231031142449.0 |
| 010 |
|
|
|a 9234019725
|
| 035 |
|
|
|a (RuTPU)RU\TPU\book\153419
|
| 090 |
|
|
|a 141526
|
| 100 |
|
|
|a 20080821d1981 m y0rusy50 ca
|
| 101 |
0 |
|
|a rus
|
| 102 |
|
|
|a RU
|
| 105 |
|
|
|a a z 101zy
|
| 200 |
1 |
|
|a Специфические аспекты гидрологических расчетов для водохозяйственного проектирования
|e материалы Международного симпозиума, Ленинград, 3-7 сентября 1979 г.. Вклад в Международную гидрологическую программу
|
| 210 |
|
|
|a Ленинград
|c Гидрометеоиздат / ЮНЕСКО Пресс
|d 1981
|
| 215 |
|
|
|a 712 с.
|c ил.
|
| 225 |
1 |
|
|a Исследования и доклады по гидрологии
|v Вып. 37
|
| 320 |
|
|
|a Библиография в конце докладов.
|
| 610 |
1 |
|
|a водохозяйственные сооружения
|
| 610 |
1 |
|
|a гидрологический расчет
|
| 610 |
1 |
|
|a водохозяйственное проектирование
|
| 610 |
1 |
|
|a сборники
|
| 610 |
1 |
|
|a речные воды
|
| 610 |
1 |
|
|a водохранилища
|
| 610 |
1 |
|
|a природные условия
|
| 675 |
|
|
|a 551.49(063)
|v 3
|
| 712 |
1 |
0 |
|a Специфические аспекты гидрологических расчетов для водохозяйственного проектирования
|b симпозиум
|e Ленинград
|f 1979
|
| 801 |
|
1 |
|a RU
|b 63413507
|c 20080821
|g PSBO
|
| 801 |
|
2 |
|a RU
|b 63413507
|c 20090203
|g PSBO
|
| 942 |
|
|
|c BK
|